000 00910cam a22002774a 4500
001 12346471
003 0
005 20170310093457.0
008 010314s2001 maua 001 0 eng
010 _a 2001030694
020 _a9780072369649
040 _cSPU
042 _apcc
050 0 0 _aQA76.73
_b.J38C65 2002
100 1 _aCollins, William J.
_q(William Joseph)
245 1 0 _aData structures and the Java collections framework /
_cWilliam J. Collins.
250 _a1st ed.
260 _aBoston :
_bMcGraw-Hill,
_c2002.
300 _axx, 716 p. :
_bill. ;
_c24 cm.
500 _aIncludes index.
650 0 _aJava (Computer program language)
650 0 _aData structures (Computer science)
856 4 2 _3Publisher description
_uhttp://www.loc.gov/catdir/description/mh021/2001030694.html
856 4 1 _3Table of contents
_uhttp://www.loc.gov/catdir/toc/mh021/2001030694.html
942 _2lcc
_cBK
999 _c49268
_d49268